Chinese Super League TOTS - FIFA 21 - Statystyki

Ogólne statystyki
  • Ten quiz został rozwiązany 35 razy
  • Średni wynik to 5 z 11
Statystyki odpowiedzi
Overall Narodowość Klub Piłkarz % Poprawnych
88 Polska Shanghai Shenhua Mierzejewski
93%
91 Brazylia Shanghai SIPG Oscar
79%
91 Demokratyczna Republika Konga Beijing Guoan Bakambu
71%
92 Francja Qingdao Huanghai Alessandrini
50%
89 Hiszpania Beijing Guoan Viera
39%
90 Brazylia Hebei China Fortune Marcao
32%
86 Bośnia i Hercegowina Hebei China Fortune Memisevic
25%
87 Zambia Shijiazhuang Ever Bright Sunzu
21%
89 Brazylia Shandong Luneng Taishan Moises
18%
85 Chiny Guangzhou Evergrande Dianzuo
14%
86 Chiny Shanghai SIPG Shenchao
14%
Nie znaleziono quizów pasujących do podanych kryteriów
Rozkład punktacji
Procent ludzi z każdym wynikiem
Percentyl według liczby udzielonych odpowiedzi
Twoja historia wyników
Nie rozwiązałeś tego quizu